000 00439nam a2200193Ia 4500
005 20250603144831.0
008 250603s9999 xx 000 0 und d
020 _a978-0-07-017267-8
050 _aHB 171.5 .S53/
100 _aSharp M. Ansel
245 0 _aEconomics of social issues
250 _a9th ed.
260 _aNew York
260 _bMcGraw-Hill
260 _c2010
300 _a89 p
650 _aNew York
942 _cBK
999 _c40087
_d40087